Automarken #6 - Statistiken

Allgemein
  • Dieses Quiz wurde 975 mal gespielt
  • Das Durchschnittsergebnis liegt bei 6 aus 6
Antworten auf der Karte
Die Antworten werden auf der Karte rot bzw. grün angezeigt, abhängig davon wie oft sie richtig erraten wurden.
 
Antwortstatistiken
Antwort % Korrekt
Opel
97%
GMC
95%
Renault
95%
Skoda
95%
Pegueot
94%
Scania
93%
Keine übereinstimmenden Quizze gefunden
Verteilung der Resultate
Anzahl Personen mit jedem Resultat
Perzentil nach korrekt beantworteten Fragen
Ihre Resultats-Entwicklung
Sie haben dieses Quiz noch nicht gespielt